|
|
|
|
| LEADER |
00731nam a22001811a 4500 |
| 020 |
|
|
|a 9788126317943
|
| 082 |
|
|
|a H4
|b HAJ/B
|
| 100 |
|
|
|a Hajari Prasad Dwivedi
|9 132087
|
| 245 |
|
|
|a Bhasha, sahitya aur desh/
|c by Hajari Prasad Dwivedi.
|
| 260 |
|
|
|a New Delhi:
|b Bharatiya Jnanpith,
|c 2009.
|
| 300 |
|
|
|a 190p.
|
| 650 |
|
|
|a Essays Hindi
|9 132088
|
| 650 |
|
|
|a Literature Hindi
|9 132089
|
| 650 |
|
|
|a Literature
|9 132090
|
| 942 |
|
|
|c BK
|
| 999 |
|
|
|c 5206
|d 5206
|
| 952 |
|
|
|0 0
|1 0
|4 0
|6 H_4_000000000000000_HAJ_B
|7 0
|9 7964
|a SSUS
|b SSUS
|c STACKS
|d 2015-01-08
|g 160.00
|o H4 HAJ/B
|p 064899
|r 2016-06-27
|v 0.00
|w 2015-01-08
|y BK
|
| 952 |
|
|
|0 0
|1 0
|4 0
|6 H_4_000000000000000_HAJ_B
|7 0
|9 7965
|a SSUS
|b SSUS
|c STACKS
|d 2016-08-12
|g 125.00
|o H4 HAJ/B
|p 018941
|r 2016-08-12
|w 2016-08-12
|y BK
|